| 000 | 00994nac a22002411u 4500 | ||
|---|---|---|---|
| 010 | _a 78012465 | ||
| 020 | _a0471024473 | ||
| 082 | 0 | 0 |
_a660.299 _bF9319 |
| 090 |
_c4671 _d4671 |
||
| 100 | _aFroment, Gilbert F. | ||
| 245 | 1 | 0 |
_aChemical reactor analysis and design / _cGilbert F. Froment, Kenneth B. Bischoff. |
| 260 |
_aNew York : _bWiley,c1979. _cc1979. |
||
| 300 |
_axxxix, 765 p. : _bill. ; _c24 cm. |
||
| 504 | _aIncludes bibliographical references and indexes. | ||
| 650 | 0 | _aChemical reactors. | |
| 650 | 0 | _aChemical reactions. | |
| 650 | 0 | _aChemical engineering. | |
| 700 | 1 | _aBischoff, Kenneth B., | |
| 856 | 4 | 2 |
_3Publisher description _uhttp://www.loc.gov/catdir/enhancements/fy0607/78012465-d.html |
| 856 | 4 | 2 |
_3Table of contents only _uhttp://www.loc.gov/catdir/enhancements/fy0607/78012465-t.html |
| 942 |
_cBB _k660.299F9319 |
||
| 999 |
_c4671 _d4671 |
||